[Event "Online Olym Div2 D"]
[Site "Chess.com INT"]
[Date "2021.09.04"]
[Round "9.1"]
[White "Zahid, Wassima"]
[Black "Rosas Rodriguez, Carmen Melissa"]
[Result "1/2-1/2"]
[WhiteElo "1531"]
[BlackElo "1881"]
[PlyCount "85"]
[EventDate "2021.09.02"]
[EventType "team (rapid)"]
[EventRounds "9"]
[EventCountry "USA"]
[SourceTitle "CBM 204 Extra"]
[Source "ChessBase"]
[SourceDate "2021.11.30"]
[SourceVersion "1"]
[SourceVersionDate "2021.11.30"]
[SourceQuality "1"]
[WhiteTeam "Morocco"]
[BlackTeam "Mexico"]
[WhiteTeamCountry "MAR"]
[BlackTeamCountry "MEX"]

1. e4 e5 2. Nf3 Nc6 3. d4 exd4 4. Nxd4 Nf6 5. Nc3 Bb4 6. Nxc6 bxc6 7. Bd3 d6 8. 0-0 Bxc3 9. bxc3 h6 10. c4 0-0 11. h3 Rb8 12. Be3 c5 13. Rb1 Bb7 14. Qf3 Qe7 15. Qg3 Nxe4 16. Bxe4 Qxe4 17. Bxh6 Qg6 18. Qxg6 fxg6 19. Be3 Ba6 20. Rfe1 Bxc4 21. a3 a6 22. Bd2 Rxb1 23. Rxb1 Bb5 24. Ba5 Rc8 25. Re1 Kf7 26. f4 c6 27. Kf2 Re8 28. Rxe8 Kxe8 29. g4 Kf7 30. h4 Ba4 31. c3 Ke6 32. Ke3 Bd1 33. g5 Bc2 34. Kf3 Kf5 35. Bc7 Ke6 36. Kg4 Bd1+ 37. Kg3 Bc2 38. Ba5 Bf5 39. Bc7 Kd7 40. Bb6 Ke6 41. Bc7 Kd5 42. Bb6 Ke6 43. Bc7 1/2-1/2